000 00721nam a2200253 i 4500
001 C2-0221166
003 PPAK
005 20180728150818.0
008 991018s1999 my a|||| ||||| | eng d
020 _a9676108308
040 _aPPAK
_beng
_cPPAK
_erda
082 0 4 _a388.9595
_223
090 0 0 _a388.9595
_bPOL
_dG
090 0 0 _a388.9595
_bPOL
_dKMI
245 0 0 _aPolitical economy of development in Malaysia
264 1 _aKuala Lumpur :
_bUtusan ,
_c1999
300 _aX, 262 pages :
_billustrations ;
_c23 cm
336 _2rdacontent
_atext
337 _2rdamedia
_aunmediated
338 _2rdacarrier
_avolume
650 1 0 _aEconomic development - Malaysia.
700 1 _aGhosh, B.N.,
_eeditor
942 _ddc
_cB
999 _c142850
_d142850